Úprava obilního hospodářství a kontingentace mlýnů přednesl ... ve schůzi odboru v Brně dne 18. ledna 1937

Saved in:
Bibliographic Details
Main Author: Živanský, Bohdan
Format: Book
Language:Czech
Published: Praha Česká společnost národohospod. 1937
Series:Sbírka přednášek pořádaných Českou spol. národohospod. v období 1936-37 16
Tags: Add Tag
No Tags, Be the first to tag this record!

MARC

LEADER 00000nam a2200000 4500
001 c137898
005 20230316133159.9
041 0 |a cze 
044 |a CZ 
245 1 0 |a Úprava obilního hospodářství a kontingentace mlýnů  |b přednesl ... ve schůzi odboru v Brně dne 18. ledna 1937  |c Bohdan Živanský 
264 1 |a Praha  |b Česká společnost národohospod.  |c 1937 
300 |a 25 s. 
490 1 |a Sbírka přednášek pořádaných Českou spol. národohospod. v období 1936-37  |v 16 
830 0 |a Sbírka přednášek pořádaných Českou spol. národohospod. v období 1936-37  |v 16 
100 1 |a Živanský, Bohdan